[Event "POL-chT 1st League"]
[Site "Leba"]
[Date "2023.09.29"]
[Round "7.7"]
[White "Toma, Katarzyna"]
[Black "Szopa, Emilia"]
[Result "1-0"]
[WhiteElo "2224"]
[BlackElo "1706"]
[PlyCount "123"]
[EventDate "2023.09.23"]
[EventType "team-swiss"]
[EventRounds "9"]
[EventCountry "POL"]
[SourceTitle "EXT 2024"]
[Source "ChessBase"]
[SourceDate "2023.10.10"]
[SourceVersion "1"]
[SourceVersionDate "2023.10.10"]
[SourceQuality "1"]
[WhiteTeam "Czestochowa Hetman"]
[BlackTeam "Bydgoszcz Wiartrak"]
[WhiteTeamCountry "POL"]
[BlackTeamCountry "POL"]

1. e4 c5 2. Nf3 d6 3. Bb5+ Bd7 4. c4 Nc6 5. Nc3 Nd4 6. Bxd7+ Qxd7 7. Nxd4 cxd4 8. Nb5 e5 9. d3 a6 10. Na3 Nf6 11. 0-0 Be7 12. f4 0-0 13. f5 h6 14. Rf3 Nh7 15. Rg3 Kh8 16. Qh5 Qd8 17. Nc2 b5 18. cxb5 a5 19. Bd2 Bh4 20. Rg4 Be7 21. Qh3 d5 22. a4 dxe4 23. Rxe4 Rc8 24. Na3 Bg5 25. Re2 Bxd2 26. Rxd2 Qg5 27. Rdd1 Nf6 28. Qf3 Ng4 29. Nc4 Ne3 30. Nxe3 dxe3 31. Re1 Rc2 32. Re2 Rfc8 33. Rae1 Rd2 34. Rxe3 Rcc2 35. R3e2 Rxb2 36. Rxd2 Qxd2 37. Rf1 Rb4 38. f6 Rf4 39. Qa8+ Kh7 40. Rxf4 exf4 41. Qe4+ Kg8 42. fxg7 Kxg7 43. h3 f5 44. Qf3 Qc1+ 45. Kh2 Qc7 46. h4 Qd6 47. Kh3 Qd4 48. Qb7+ Kf8 49. Qc8+ Kg7 50. Qxf5 Qe3+ 51. Kg4 Qe2+ 52. Kxf4 Qf2+ 53. Ke5 Qc5+ 54. Kf4 Qf2+ 55. Kg4 Qd4+ 56. Qe4 Qd7+ 57. Kg3 Qd6+ 58. Kh3 h5 59. Qf5 Qd4 60. Qe4 Qd6 61. g3 Qb4 62. Qxb4 1-0

[Event "POL-ch Blitz U18 Girls"]
[Site "Bydgoszcz"]
[Date "2023.08.31"]
[Round "2"]
[White "Kicinska, Magdalena"]
[Black "Szopa, Emilia"]
[Result "0-1"]
[WhiteElo "1372"]
[BlackElo "1791"]
[PlyCount "78"]
[EventDate "2023.08.28"]
[EventType "swiss"]
[EventRounds "9"]
[EventCountry "POL"]
[SourceTitle "EXT 2024"]
[Source "ChessBase"]
[SourceDate "2023.10.10"]
[SourceVersion "1"]
[SourceVersionDate "2023.10.10"]
[SourceQuality "1"]

1. d4 Nf6 2. Nf3 d6 3. c4 g6 4. g3 Bg7 5. Bg2 0-0 6. 0-0 Nbd7 7. Nc3 e5 8. e4 Re8 9. d5 a5 10. a3 Nc5 11. Re1 a4 12. Qc2 Bd7 13. Be3 Nb3 14. Rab1 Ng4 15. Nd2 Nxe3 16. Rxe3 Nd4 17. Qd1 Bh6 18. Re1 Qf6 19. Nf3 Bg4 20. Qd3 Nxf3+ 21. Bxf3 Bxf3 22. Nb5 Rec8 23. b4 c6 24. dxc6 Rxc6 25. Nc3 Bg4 26. Nd5 Qd8 27. b5 Rc5 28. b6 Be6 29. Nc7 Bxc4 30. Qd1 Raa5 31. Rb4 Bb3 32. Qf3 Rxc7 33. bxc7 Qxc7 34. Qe2 b6 35. Rf1 Rc5 36. Qe1 Rc1 37. Qe2 Rxf1+ 38. Qxf1 Bd2 39. Qe2 Bxb4 0-1

[Event "POL-ch Blitz U18 Girls"]
[Site "Bydgoszcz"]
[Date "2023.08.31"]
[Round "8"]
[White "Sprzeczka, Emilia"]
[Black "Szopa, Emilia"]
[Result "1-0"]
[WhiteElo "1834"]
[BlackElo "1791"]
[PlyCount "117"]
[EventDate "2023.08.28"]
[EventType "swiss"]
[EventRounds "9"]
[EventCountry "POL"]
[SourceTitle "EXT 2024"]
[Source "ChessBase"]
[SourceDate "2023.10.10"]
[SourceVersion "1"]
[SourceVersionDate "2023.10.10"]
[SourceQuality "1"]

1. e4 c6 2. Nf3 d5 3. Nc3 dxe4 4. Nxe4 Bg4 5. h3 Bh5 6. Bc4 e6 7. 0-0 Nf6 8. Qe2 Nbd7 9. d4 Bg6 10. Ng3 Bd6 11. Ne5 Qc7 12. Bf4 Nd5 13. Bxd5 cxd5 14. h4 Rc8 15. c3 Nxe5 16. dxe5 Bc5 17. h5 Bf5 18. Nxf5 exf5 19. Qd3 Qd7 20. Rad1 Rd8 21. h6 gxh6 22. Bxh6 Qe6 23. Bg7 Rg8 24. Bf6 Rd7 25. b4 Be7 26. Rfe1 f4 27. Qxh7 Qg4 28. Qh2 f3 29. g3 Rc7 30. Rd4 Qe6 31. Re3 a5 32. Rxf3 axb4 33. cxb4 Rc1+ 34. Kg2 Bf8 35. Qh4 Qc6 36. Qf4 Qb5 37. Rdd3 Qxb4 38. Qxb4 Bxb4 39. Rxd5 Ba5 40. Rxa5 Kd7 41. Rd3+ Ke6 42. Rd6+ Kf5 43. Rb5 Rg6 44. Rxb7 Rh6 45. Rb4 Rh5 46. g4+ Kg6 47. gxh5+ Kxh5 48. Rh4+ Kg6 49. Kg3 Rg1+ 50. Kf3 Re1 51. Rg4+ Kh5 52. Bg5 f6 53. Bxf6 Rb1 54. Rg5+ Kh6 55. Be7+ Kh7 56. Rdg6 Rb8 57. Rg3 Rb5 58. R6g4 Kh6 59. Rh4# 1-0

[Event "POL-ch Blitz U18 Girls"]
[Site "Bydgoszcz"]
[Date "2023.08.31"]
[Round "4"]
[White "Szopa, Emilia"]
[Black "Smietanska, Wiktoria"]
[Result "0-1"]
[WhiteElo "1791"]
[BlackElo "2017"]
[PlyCount "133"]
[EventDate "2023.08.28"]
[EventType "swiss"]
[EventRounds "9"]
[EventCountry "POL"]
[SourceTitle "EXT 2024"]
[Source "ChessBase"]
[SourceDate "2023.10.10"]
[SourceVersion "1"]
[SourceVersionDate "2023.10.10"]
[SourceQuality "1"]

1. e4 c5 2. Ne2 d6 3. g3 d5 4. Bg2 dxe4 5. Bxe4 Nf6 6. Bg2 Nc6 7. d3 Bg4 8. Nbc3 Qd7 9. Be3 e6 10. 0-0 Nd4 11. f3 Bh5 12. Ne4 Be7 13. Nf4 Bg6 14. c3 Nf5 15. Nxf6+ gxf6 16. Bf2 0-0 17. Qe2 e5 18. Nxg6 fxg6 19. g4 Ng7 20. Rad1 Ne6 21. Bg3 Rad8 22. Rfe1 Rfe8 23. Bh3 Qc6 24. Bg2 Qa6 25. a3 Bf8 26. Qe3 Qb5 27. Rd2 Bg7 28. Bf1 Qc6 29. Bg2 Qa4 30. h4 b6 31. Qf2 Bh6 32. Rc2 Rxd3 33. Qe2 Re3 34. Qd1 Rd8 35. Qb1 Rxe1+ 36. Bxe1 Nf4 37. Bf1 Qb3 38. Kh1 Qd5 39. Bg2 Qd1 40. Rc1 Qe2 41. Qc2 Qxc2 42. Rxc2 Rd1 43. Kh2 Rxe1 44. Rd2 Nxg2 45. Rd8+ Bf8 46. Kxg2 Re2+ 47. Kg3 Rxb2 48. Ra8 a5 49. Rb8 Rb3 50. c4 a4 51. Rb7 e4 52. Kf2 Rxf3+ 53. Ke2 Rxa3 54. Rxb6 Be7 55. Re6 Kf7 56. Rxe4 Rh3 57. Kd2 Rxh4 58. Kc2 Rh3 59. Re1 a3 60. Ra1 Rg3 61. Rb1 a2 62. Ra1 Rg2+ 63. Kb3 f5 64. gxf5 gxf5 65. Re1 Kg7 66. Rf1 Bf6 67. Ra1 0-1

[Event "POL-ch Rapid U18 Girls"]
[Site "Bydgoszcz"]
[Date "2023.08.30"]
[Round "8"]
[White "Seemann, Pola"]
[Black "Szopa, Emilia"]
[Result "1-0"]
[WhiteElo "1700"]
[BlackElo "1574"]
[PlyCount "73"]
[EventDate "2023.08.28"]
[EventType "swiss"]
[EventRounds "11"]
[EventCountry "POL"]
[SourceTitle "EXT 2024"]
[Source "ChessBase"]
[SourceDate "2023.10.10"]
[SourceVersion "1"]
[SourceVersionDate "2023.10.10"]
[SourceQuality "1"]

1. e4 c6 2. d4 d5 3. Nc3 dxe4 4. Nxe4 Nd7 5. Ng5 Ngf6 6. Bc4 e6 7. Qe2 Nb6 8. Bb3 h6 9. N5f3 Bd6 10. h3 Nbd5 11. Ne5 Qc7 12. Ngf3 a5 13. c4 Ne7 14. c5 Bxe5 15. Nxe5 Nf5 16. Be3 Ne4 17. Bc2 Nxc5 18. Bxf5 exf5 19. Bf4 Ne6 20. Ng6 Qb6 21. Nxh8 Qb4+ 22. Bd2 Qxb2 23. 0-0 Qxd4 24. Rad1 Bd7 25. Bxh6 Qf6 26. Bf4 Qh4 27. Nxf7 Qxf4 28. Nd6+ Ke7 29. Qh5 Rf8 30. Rfe1 b5 31. g3 Qh6 32. Nxf5+ Rxf5 33. Qxf5 b4 34. Qd3 Be8 35. Qd6+ Kf7 36. Rd3 Qf6 37. Rxe6 1-0

[Event "POL-ch Rapid U18 Girls"]
[Site "Bydgoszcz"]
[Date "2023.08.30"]
[Round "7"]
[White "Ziobrowska, Maja"]
[Black "Szopa, Emilia"]
[Result "1-0"]
[WhiteElo "1579"]
[BlackElo "1574"]
[PlyCount "81"]
[EventDate "2023.08.28"]
[EventType "swiss"]
[EventRounds "11"]
[EventCountry "POL"]
[SourceTitle "EXT 2024"]
[Source "ChessBase"]
[SourceDate "2023.10.10"]
[SourceVersion "1"]
[SourceVersionDate "2023.10.10"]
[SourceQuality "1"]

1. e4 c6 2. d4 d5 3. Nc3 dxe4 4. Nxe4 Nd7 5. Nf3 Ngf6 6. Nxf6+ Nxf6 7. c3 Bg4 8. h3 Bh5 9. g4 Bg6 10. Ne5 Be4 11. f3 Bd5 12. c4 Be6 13. f4 g6 14. Be3 h5 15. Rg1 hxg4 16. hxg4 Rh2 17. Bd3 Rxb2 18. Rb1 Qa5+ 19. Bd2 Qxa2 20. f5 gxf5 21. gxf5 Bd7 22. c5 0-0-0 23. Ra1 Qb3 24. Rxa7 Qxd1+ 25. Kxd1 Kb8 26. Ra3 Be8 27. Bf4 Nd5 28. Nxc6+ Kc8 29. Ra8+ Kd7 30. Rxd8+ Kxc6 31. Be4 e5 32. Bc1 Rb4 33. Rxd5 Kc7 34. Rg8 Bc6 35. Bd2 Rc4 36. Ba5+ b6 37. Bxb6+ Kb7 38. Rd7+ Ka6 39. Bxc6 Rxd4+ 40. Rxd4 exd4 41. Rxf8 1-0

[Event "POL-ch U16 Girls"]
[Site "Jastrzebia Gora"]
[Date "2023.??.??"]
[Round "5"]
[White "Kulczycka, Zofia"]
[Black "Szopa, Emilia"]
[Result "0-1"]
[WhiteElo "1547"]
[BlackElo "1709"]
[PlyCount "78"]
[EventDate "2023.03.11"]
[EventType "swiss"]
[EventRounds "9"]
[EventCountry "POL"]
[SourceTitle "CBM 213 Extra"]
[Source "ChessBase"]
[SourceDate "2023.05.31"]
[SourceVersion "1"]
[SourceVersionDate "2023.05.31"]
[SourceQuality "1"]

1. e4 c5 2. Nf3 Nc6 3. d4 cxd4 4. Nxd4 e5 5. Nb5 d6 6. N1c3 a6 7. Na3 Be6 8. Be3 Rb8 9. Nd5 Bxd5 10. exd5 Nce7 11. c4 Qd7 12. Bd3 g6 13. 0-0 Bg7 14. Qd2 f5 15. f3 Nf6 16. Rad1 f4 17. Bf2 Bh6 18. c5 0-0 19. Nc4 Nexd5 20. Nxd6 Ne3 21. Bxe3 fxe3 22. Bc4+ Kg7 23. Qc3 Qe7 24. g3 Rbd8 25. Qb3 b5 26. Be2 Nh5 27. a4 Nf4 28. gxf4 Bxf4 29. Qc2 Qg5+ 30. Kh1 Bxh2 31. Bd3 Rf4 32. Qg2 Bg3 33. Ne4 Rh4+ 34. Kg1 Bh2+ 35. Kh1 Qh6 36. Nd6 Rxd6 37. cxd6 Bf4+ 38. Kg1 Rh2 39. Rfe1 Rxg2+ 0-1

[Event "POL-ch U16 Girls"]
[Site "Jastrzebia Gora"]
[Date "2023.??.??"]
[Round "2"]
[White "Szopa, Emilia"]
[Black "Bandyk, Joanna"]
[Result "1/2-1/2"]
[WhiteElo "1709"]
[BlackElo "1459"]
[PlyCount "111"]
[EventDate "2023.03.11"]
[EventType "swiss"]
[EventRounds "9"]
[EventCountry "POL"]
[SourceTitle "CBM 213 Extra"]
[Source "ChessBase"]
[SourceDate "2023.05.31"]
[SourceVersion "1"]
[SourceVersionDate "2023.05.31"]
[SourceQuality "1"]

1. e4 c5 2. Nf3 d6 3. d4 cxd4 4. Nxd4 Nf6 5. Nc3 a6 6. f4 e5 7. Nb3 Nbd7 8. g4 h6 9. f5 b5 10. h4 Bb7 11. Bg2 Nc5 12. Qe2 Qc7 13. Nxc5 Qxc5 14. Be3 Qc4 15. Qxc4 bxc4 16. Bf3 Be7 17. 0-0-0 Nd7 18. g5 hxg5 19. hxg5 0-0-0 20. Be2 Nc5 21. Nd5 Bxd5 22. exd5 Ne4 23. Bxc4 Kb7 24. Rhg1 Rc8 25. Bd3 Rh3 26. Rde1 Rxe3 27. Rxe3 Bxg5 28. Rxg5 Nxg5 29. Rg3 f6 30. Rg4 a5 31. Kd2 Rc5 32. Bc4 Kb6 33. a3 Nh3 34. b4 axb4 35. axb4 Rc7 36. Bf1 Ng5 37. c4 Nf3+ 38. Kd3 Ng5 39. Be2 Ra7 40. Bd1 Ra2 41. Rh4 Ra8 42. Kc3 Ra3+ 43. Bb3 Ra8 44. Rh2 Ne4+ 45. Kb2 Ng5 46. Rc2 Ne4 47. Rc1 Rc8 48. Ba4 Rc7 49. Bc6 Ra7 50. Rh1 Ng3 51. Rh8 Nxf5 52. Rb8+ Kc7 53. Rf8 Kb6 54. Rb8+ Kc7 55. Rf8 Kb6 56. Rb8+ 1/2-1/2

[Event "Krakow op-B"]
[Site "Krakow"]
[Date "2022.06.29"]
[Round "6"]
[White "Szopa, Emilia"]
[Black "Cichon, Jakub"]
[Result "0-1"]
[WhiteElo "1861"]
[BlackElo "1900"]
[PlyCount "82"]
[EventDate "2022.06.25"]
[EventType "swiss"]
[EventRounds "9"]
[EventCountry "POL"]
[SourceTitle "EXT 2023"]
[Source "ChessBase"]
[SourceDate "2022.10.05"]
[SourceVersion "1"]
[SourceVersionDate "2022.10.05"]
[SourceQuality "1"]

1. e4 c5 2. Ne2 Nf6 3. e5 Nd5 4. c3 d6 5. exd6 exd6 6. d3 Nc6 7. Ng3 g6 8. Be2 Bg7 9. 0-0 0-0 10. Na3 a6 11. f4 f5 12. Bf3 Nf6 13. Nc2 Re8 14. Be3 Bd7 15. Qd2 Qc7 16. Rae1 Rab8 17. b3 b5 18. b4 Ne7 19. bxc5 dxc5 20. d4 Ned5 21. Bxd5+ Nxd5 22. dxc5 Nxe3 23. Nxe3 Be6 24. Ne2 Qxc5 25. Nd4 Bf7 26. Nec2 Red8 27. Kh1 Rbc8 28. Rf3 Bd5 29. Rfe3 Be4 30. Qf2 Qb6 31. Rxe4 fxe4 32. Rxe4 Rxc3 33. Qe1 Rcc8 34. Ne6 Rd7 35. Nxg7 Kxg7 36. Re7+ Rxe7 37. Qxe7+ Kg8 38. Qd7 Rd8 39. Qe7 Qd6 40. Qe3 Qd1+ 41. Ne1 Qd7 0-1

[Event "POL-ch U16 Girls"]
[Site "Sypniewo"]
[Date "2022.03.24"]
[Round "6"]
[White "Giemza, Julia"]
[Black "Szopa, Emilia"]
[Result "0-1"]
[WhiteElo "1512"]
[BlackElo "1758"]
[PlyCount "114"]
[EventDate "2022.03.19"]
[EventType "swiss"]
[EventRounds "9"]
[EventCountry "POL"]
[SourceTitle "CBM 207 Extra"]
[Source "ChessBase"]
[SourceDate "2022.05.31"]
[SourceVersion "1"]
[SourceVersionDate "2022.05.31"]
[SourceQuality "1"]

1. e4 c5 2. Nf3 Nc6 3. Bb5 d6 4. 0-0 Bd7 5. Re1 a6 6. Bf1 Nf6 7. c3 Bg4 8. h3 Bh5 9. Na3 e5 10. Nc2 Be7 11. d4 cxd4 12. cxd4 Bxf3 13. Qxf3 exd4 14. Qd3 Qb6 15. b3 Nd7 16. Bb2 Bf6 17. Rad1 Nc5 18. Qd2 Ne6 19. Bc4 Bg5 20. Qe2 Nf4 21. Qg4 Ne5 22. Qxg5 Nxh3+ 23. gxh3 Nf3+ 24. Kg2 Nxg5 25. Bxd4 Qc7 26. Nb4 Qc8 27. Rd3 Ne6 28. Be3 0-0 29. Nd5 Qd8 30. b4 Qh4 31. Bd2 Kh8 32. Rg3 Rac8 33. Bd3 Qd8 34. Kh2 f6 35. Reg1 Rf7 36. f4 Rc6 37. f5 Nc7 38. Nf4 d5 39. exd5 Nxd5 40. Ne6 Qd6 41. a3 Rc8 42. Kh1 Nc7 43. Nc5 Qd5+ 44. R1g2 b6 45. Na4 Qc6 46. Nc3 Re8 47. Kh2 Rfe7 48. Ne2 Nd5 49. Nd4 Qd6 50. Ne2 Ne3 51. Bxe3 Rxe3 52. Bxa6 Rxa3 53. Bc4 Ree3 54. Bb5 Ra2 55. Kg1 Rxg3 56. Rxg3 Rxe2 57. Rd3 Qh2+ 0-1

[Event "POL-ch U16 Girls"]
[Site "Sypniewo"]
[Date "2022.03.21"]
[Round "3"]
[White "Barwinska, Ewa"]
[Black "Szopa, Emilia"]
[Result "1-0"]
[WhiteElo "1848"]
[BlackElo "1758"]
[PlyCount "109"]
[EventDate "2022.03.19"]
[EventType "swiss"]
[EventRounds "9"]
[EventCountry "POL"]
[SourceTitle "CBM 207 Extra"]
[Source "ChessBase"]
[SourceDate "2022.05.31"]
[SourceVersion "1"]
[SourceVersionDate "2022.05.31"]
[SourceQuality "1"]

1. e4 c6 2. d4 d5 3. Nc3 dxe4 4. Nxe4 Nd7 5. Ng5 Ngf6 6. Bd3 e6 7. N1f3 Bd6 8. Qe2 h6 9. Ne4 Nxe4 10. Bxe4 Qc7 11. c4 Nf6 12. 0-0 c5 13. dxc5 Bxc5 14. a3 Bd7 15. Bd3 0-0 16. b4 Be7 17. Bb2 a5 18. Bc3 b5 19. c5 Qb7 20. Ne5 Be8 21. Ng4 Nxg4 22. Qxg4 Bg5 23. f4 f5 24. Qe2 Be7 25. Qxe6+ Rf7 26. Bxf5 Ra6 27. Qb3 a4 28. Qa2 Bd7 29. Bh7+ Kf8 30. f5 Qe4 31. Rae1 Qd3 32. f6 Bxc5+ 33. bxc5 Qxc3 34. fxg7+ Qxg7 35. Rxf7+ Qxf7 36. Qc2 Rf6 37. Qe4 Bc6 38. Qe5 Kg7 39. Be4 Bd7 40. c6 Bc8 41. Bd5 Qa7+ 42. Re3 b4 43. h4 b3 44. Kh2 Bg4 45. Rg3 h5 46. Qxh5 Rg6 47. Qe5+ Kh6 48. Qf4+ Kg7 49. Rxg4 b2 50. Rxg6+ Kxg6 51. Qg5+ Kh7 52. Qg8+ Kh6 53. Qh8+ Qh7 54. Qxh7+ Kxh7 55. Be4+ 1-0

[Event "Krakow Winter op-A"]
[Site "Krakow"]
[Date "2022.01.18"]
[Round "6"]
[White "Klementys, Jerzy"]
[Black "Szopa, Emilia"]
[Result "0-1"]
[WhiteElo "1561"]
[BlackElo "1669"]
[PlyCount "94"]
[EventDate "2022.01.15"]
[EventType "swiss"]
[EventRounds "9"]
[EventCountry "POL"]
[SourceTitle "CBM 206 Extra"]
[Source "ChessBase"]
[SourceDate "2022.03.31"]
[SourceVersion "1"]
[SourceVersionDate "2022.03.31"]
[SourceQuality "1"]

1. d4 Nf6 2. c4 g6 3. Nc3 Bg7 4. e4 d6 5. Nf3 0-0 6. Be2 e5 7. 0-0 a5 8. Bg5 h6 9. Bh4 Qe8 10. dxe5 dxe5 11. Qc2 c6 12. Rad1 Na6 13. a3 g5 14. Bg3 Nh5 15. Bxe5 Bxe5 16. Nxe5 Qxe5 17. Bxh5 g4 18. Bxg4 Bxg4 19. f3 Be6 20. f4 Qc5+ 21. Kh1 Rad8 22. Rde1 Bxc4 23. Rf3 Rd6 24. f5 Rfd8 25. Qc1 Qe5 26. Qe3 Nc5 27. f6 Kh7 28. Rf5 Qd4 29. Qxd4 Rxd4 30. Rxc5 a4 31. Nxa4 Rxe4 32. Rc1 Rd2 33. Nc3 Rf4 34. g3 Rfd4 35. b4 Be6 36. Re5 Rb2 37. Re2 Rb3 38. Nb1 Bf5 39. Ree1 Rb2 40. Kg1 Rd6 41. Rf1 Be4 42. Rfe1 Bf5 43. h4 Rd3 44. Rc3 Rxb1 45. Rxd3 Rxe1+ 46. Kf2 Bxd3 47. Kxe1 Kg6 0-1

[Event "Krakow Winter op-A"]
[Site "Krakow"]
[Date "2022.01.15"]
[Round "2"]
[White "Kania, Franciszek1111"]
[Black "Szopa, Emilia"]
[Result "0-1"]
[WhiteElo "1528"]
[BlackElo "1669"]
[PlyCount "72"]
[EventDate "2022.01.15"]
[EventType "swiss"]
[EventRounds "9"]
[EventCountry "POL"]
[SourceTitle "CBM 206 Extra"]
[Source "ChessBase"]
[SourceDate "2022.03.31"]
[SourceVersion "1"]
[SourceVersionDate "2022.03.31"]
[SourceQuality "1"]

1. e4 c6 2. d4 d5 3. Nc3 dxe4 4. Nxe4 Nd7 5. Nf3 Ngf6 6. Nxf6+ Nxf6 7. Bd3 Bg4 8. c3 e6 9. Bf4 Be7 10. Qd2 Bxf3 11. gxf3 Nd5 12. Bg3 Bd6 13. 0-0-0 Qc7 14. Kb1 0-0-0 15. Qc2 h5 16. Rde1 h4 17. Be5 Bxe5 18. dxe5 Rh5 19. Re4 Rdh8 20. f4 h3 21. Qe2 Qb6 22. Ka1 Rf5 23. Qg4 g6 24. f3 Qd8 25. Ra4 Ne3 26. Bxf5 Nxg4 27. Bxg4 c5 28. Rxa7 Kb8 29. Ra4 Qd2 30. Re4 Rd8 31. Ree1 Qxf4 32. Re4 Qd2 33. a3 Qc2 34. Bxh3 Rd1+ 35. Rxd1 Qxd1+ 36. Ka2 Qxf3 0-1

[Event "POL-ch U20 Girls"]
[Site "Pokrzywna"]
[Date "2021.12.07"]
[Round "3"]
[White "Smietanska, Wiktoria"]
[Black "Szopa, Emilia"]
[Result "1-0"]
[WhiteElo "1910"]
[BlackElo "1588"]
[PlyCount "99"]
[EventDate "2021.12.06"]
[EventType "swiss"]
[EventRounds "9"]
[EventCountry "POL"]
[SourceTitle "CBM 205 Extra"]
[Source "ChessBase"]
[SourceDate "2022.01.31"]
[SourceVersion "1"]
[SourceVersionDate "2022.01.31"]
[SourceQuality "1"]

1. e4 c6 2. d4 d5 3. Nd2 dxe4 4. Nxe4 Nd7 5. Ng5 Ngf6 6. Bd3 g6 7. Bc4 e6 8. Ne2 Nb6 9. Bb3 Bg7 10. 0-0 0-0 11. c3 Nfd7 12. Ne4 Qc7 13. Bf4 e5 14. Bg3 c5 15. dxe5 Nxe5 16. f4 Qc6 17. Nf6+ Bxf6 18. fxe5 Bg5 19. Bf4 Bxf4 20. Nxf4 Bf5 21. Bc2 Rad8 22. Qe2 Bxc2 23. Qxc2 Nc4 24. Qe2 Rd2 25. Qxc4 b5 26. Qb3 g5 27. Rad1 Rfd8 28. Qc2 Rxd1 29. Rxd1 Rxd1+ 30. Qxd1 gxf4 31. Qe2 c4 32. Kf2 Kg7 33. Qg4+ Qg6 34. Kf3 f5 35. Qxg6+ hxg6 36. Kxf4 Kf7 37. Kg5 a5 38. a3 Ke6 39. Kxg6 Kxe5 40. h4 Ke4 41. h5 Kd3 42. h6 Kc2 43. h7 Kxb2 44. h8Q Kxa3 45. Qa8 a4 46. Qa5 Ka2 47. Qxb5 a3 48. Qxc4+ Ka1 49. Kxf5 a2 50. Qxa2+ 1-0

[Event "POL-ch U20 Girls"]
[Site "Pokrzywna"]
[Date "2021.12.06"]
[Round "2"]
[White "Szopa, Emilia"]
[Black "Adamczyk, Zuzanna"]
[Result "0-1"]
[WhiteElo "1588"]
[BlackElo "2047"]
[PlyCount "104"]
[EventDate "2021.12.06"]
[EventType "swiss"]
[EventRounds "9"]
[EventCountry "POL"]
[SourceTitle "CBM 205 Extra"]
[Source "ChessBase"]
[SourceDate "2022.01.31"]
[SourceVersion "1"]
[SourceVersionDate "2022.01.31"]
[SourceQuality "1"]

1. e4 c6 2. d4 d5 3. Nc3 dxe4 4. Nxe4 Nf6 5. Nxf6+ exf6 6. Bc4 Na6 7. Bf4 Be7 8. Ne2 0-0 9. 0-0 Nc7 10. c3 Nd5 11. Bg3 Be6 12. Bd3 Bd6 13. Qc2 g6 14. Qd2 Kg7 15. Bxd6 Qxd6 16. f4 f5 17. Rae1 b5 18. b3 Rfd8 19. g4 Ne7 20. g5 Rh8 21. Rf2 h6 22. c4 bxc4 23. bxc4 Rab8 24. Qc3 Qb4 25. h4 Qxc3 26. Nxc3 hxg5 27. hxg5 Rh3 28. Rd2 Rbh8 29. Ree2 Kf8 30. Na4 Rxd3 31. Rxd3 Bxc4 32. Ree3 Bxd3 33. Rxd3 Rh4 34. Rf3 Nd5 35. Nc5 Rxf4 36. Ra3 Rxd4 37. Rxa7 Rg4+ 38. Kf2 Rxg5 39. Nd7+ Ke8 40. Ne5 f6 41. Nxc6 Rg4 42. a4 Rf4+ 43. Kg3 Rc4 44. Nb8 Rc3+ 45. Kf2 Rc7 46. Ra6 g5 47. a5 g4 48. Kg1 f4 49. Rd6 Rc1+ 50. Kf2 g3+ 51. Kf3 Rf1+ 52. Ke2 g2 0-1

[Event "POL-ch U14 Girls"]
[Site "Uniejow"]
[Date "2021.07.21"]
[Round "5"]
[White "Szopa, Emilia"]
[Black "Dallemura, Julia"]
[Result "1/2-1/2"]
[WhiteElo "1699"]
[BlackElo "1196"]
[PlyCount "75"]
[EventDate "2021.07.18"]
[EventType "swiss"]
[EventRounds "9"]
[EventCountry "POL"]
[SourceTitle "EXT 2022"]
[Source "ChessBase"]
[SourceDate "2021.10.06"]
[SourceVersion "1"]
[SourceVersionDate "2021.10.06"]
[SourceQuality "1"]

1. Nf3 Nc6 2. g3 Nf6 3. Bg2 e5 4. d3 d5 5. Nbd2 Bd6 6. 0-0 Be6 7. c3 h6 8. e4 dxe4 9. dxe4 0-0 10. Qe2 a6 11. Nc4 b5 12. Nxd6 cxd6 13. Rd1 Qc7 14. Nh4 Ne7 15. Nf5 Bxf5 16. exf5 Rad8 17. g4 Rfe8 18. g5 hxg5 19. Bxg5 Nh7 20. Bxe7 Qxe7 21. a4 Qd7 22. axb5 axb5 23. Ra6 Qxf5 24. Raxd6 Rb8 25. R6d5 b4 26. cxb4 Rxb4 27. Rd8 Rb8 28. Rxe8+ Rxe8 29. b4 Rb8 30. b5 e4 31. b6 Rxb6 32. Qxe4 Qxe4 33. Bxe4 Rb8 34. Bxh7+ Kxh7 35. Kg2 Kg6 36. Kg3 f6 37. Rd3 Rb5 38. Ra3 1/2-1/2

[Event "POL-chT U20"]
[Site "Lublin"]
[Date "2021.06.30"]
[Round "5.6"]
[White "Szopa, Emilia"]
[Black "Gaszka, Zuzanna"]
[Result "1/2-1/2"]
[WhiteElo "1688"]
[BlackElo "1474"]
[PlyCount "111"]
[EventDate "2021.06.26"]
[EventType "team-tourn"]
[EventRounds "9"]
[EventCountry "POL"]
[SourceTitle "CBM 203 Extra"]
[Source "ChessBase"]
[SourceDate "2021.09.30"]
[SourceVersion "1"]
[SourceVersionDate "2021.09.30"]
[SourceQuality "1"]
[WhiteTeam "Krakow KKSz"]
[BlackTeam "Rybnik MKSz"]
[WhiteTeamCountry "POL"]
[BlackTeamCountry "POL"]

1. d4 Nf6 2. c4 g6 3. Nc3 Bg7 4. e4 d6 5. f3 0-0 6. Be3 Nc6 7. Nge2 a6 8. Qd2 Na5 9. Ng3 b5 10. h4 h5 11. cxb5 axb5 12. Qc2 c6 13. Rd1 b4 14. e5 dxe5 15. dxe5 Qc7 16. Nce4 Nxe4 17. Nxe4 Bxe5 18. g4 Bg3+ 19. Nxg3 Qxg3+ 20. Qf2 Qxf2+ 21. Kxf2 hxg4 22. h5 Bf5 23. hxg6 Bxg6 24. Bd4 f6 25. Bc5 Kf7 26. Bxb4 gxf3 27. Rd7 Rfe8 28. Kxf3 c5 29. Bxc5 Nc6 30. Rd5 Ne5+ 31. Ke3 Reb8 32. Ba3 Ra4 33. Rd4 Ng4+ 34. Rxg4 Rxg4 35. Be2 Re4+ 36. Kf2 Ra4 37. Re1 Rc8 38. Bd1 Re4 39. Bb3+ Kf8 40. Rh1 Kg7 41. Rg1 Rf4+ 42. Ke3 Rh4 43. Kf3 Rh3+ 44. Kg2 Re3 45. Kf2 Re5 46. Bb4 Rf5+ 47. Ke3 Re5+ 48. Kf2 Rc7 49. Bc3 Rh5 50. a4 Rcc5 51. a5 Rcf5+ 52. Ke2 Rxa5 53. Bxa5 Rxa5 54. Bc2 Rg5 55. Rxg5 fxg5 56. Ba4 1/2-1/2

[Event "POL-chT U20"]
[Site "Lublin"]
[Date "2021.06.28"]
[Round "3.6"]
[White "Szopa, Emilia"]
[Black "Pastuszko, Katarzyna"]
[Result "1-0"]
[WhiteElo "1688"]
[BlackElo "1503"]
[PlyCount "49"]
[EventDate "2021.06.26"]
[EventType "team-tourn"]
[EventRounds "9"]
[EventCountry "POL"]
[SourceTitle "CBM 203 Extra"]
[Source "ChessBase"]
[SourceDate "2021.09.30"]
[SourceVersion "1"]
[SourceVersionDate "2021.09.30"]
[SourceQuality "1"]
[WhiteTeam "Krakow KKSz"]
[BlackTeam "Warszawa Czternastka"]
[WhiteTeamCountry "POL"]
[BlackTeamCountry "POL"]

1. c4 e5 2. Nc3 Nf6 3. g3 Bc5 4. Bg2 Nc6 5. d3 h6 6. e3 d6 7. Nge2 Bf5 8. h3 h5 9. a3 a5 10. d4 exd4 11. Nxd4 Bxd4 12. exd4 Qe7+ 13. Be3 Be4 14. Nxe4 Nxe4 15. 0-0 0-0-0 16. Re1 f5 17. b4 axb4 18. axb4 Nxb4 19. Ra8+ Kd7 20. Rxd8+ Kxd8 21. Bxe4 fxe4 22. Qd2 Qd7 23. Qxb4 Qxh3 24. Bg5+ Kc8 25. Qa4 1-0